000
00207 a2200097 4500
001
40903
100
_a
M H Tabata
245
_a
The Quran in Islam
260
_a
Karachi
_b
Zahra Pub
_c
090
_c
25156
_d
25156
942
_a
NUST-CAE
_c
M
_c
16843
999
_c
275976
_d
275976